000 00373nam a2200109Ia 4500
008 220216s9999 xx 000 0 und d
100 _aJayasinghe C.K.
245 0 _aChanging scene of the disease scenario of the rubber tree in Sri Lanka: History and current status
260 _bBulletin of the Rubber Research Institute of Sri Lanka
_c2009
300 _a61-68
942 _cJS
999 _c55352
_d55352